000 00705nam a2200241Ia 4500
003 OSt
005 20220923223447.0
006 a|||||r|||| 00| 0
007 ta
008 220922b |||||||| |||| 00| 0 hin d
024 _a216,540
037 _cTextual
040 _aARTS
_cARTS
_bhin
041 _2hin
_ahin
082 _aO152,1N30x, N4
100 _aअग्रवाल, भगवतशरण
245 0 _aअकह (हाइकु)
246 _aAkah (hāiku)
260 _aअहमदाबाद
_b पार्श्व
_c1994
300 _a85i`
_ccm.
942 _hO152,1N30x, N4
_cTEXL
_2CC
999 _c365472
_d365472